Normal view
MARC view
- Game Changers
Entry Topical Term
001 - CONTROL NUMBER
- control field: 101214
003 - CONTROL NUMBER IDENTIFIER
- control field: NUST
005 - DATE AND TIME OF LATEST TRANSACTION
- control field: 20221024120624.0
008 - FIXED-LENGTH DATA ELEMENTS
- fixed length control field: 221024|| aca||aabn | a|a d
040 ## - CATALOGING SOURCE
- Original cataloging agency: NUST
- Transcribing agency: NUST
150 ## - HEADING--TOPICAL TERM
- Topical term or geographic name entry element: Game Changers
670 ## - SOURCE DATA FOUND
- Source citation: Work cat.: (NUST): Asprey, Dave 101213, Game Changers /
